000 00330nam a2200133Ia 4500
008 220204s9999 xx 000 0 und d
082 _a054
_bKEE
100 _aKeenan, Charles William
245 0 _aGeneral college chemistry
250 _aEd.2
260 _aCalcutta
_bOxford
_c1957
700 _aWood, Jesse Hermon
942 _cBK
999 _c20956
_d20956